Dr. Maniac will see you now / (Record no. 531)

MARC details
000 -LEADER
fixed length control field 02053cam a22004697i 4500
001 - CONTROL NUMBER
control field 531
003 - CONTROL NUMBER IDENTIFIER
control field FISKH
005 - DATE AND TIME OF LATEST TRANSACTION
control field 20230926145006.0
008 - FIXED-LENGTH DATA ELEMENTS--GENERAL INFORMATION
fixed length control field 140903s2013 nyu j 000 1 eng d
010 ## - LIBRARY OF CONGRESS CONTROL NUMBER
LC control number 2014427027
020 ## - INTERNATIONAL STANDARD BOOK NUMBER
International Standard Book Number 9780545418027 (paperback)
020 ## - INTERNATIONAL STANDARD BOOK NUMBER
International Standard Book Number 054541802X (paperback)
020 ## - INTERNATIONAL STANDARD BOOK NUMBER
International Standard Book Number 9781480609822 (Paw Prints)
020 ## - INTERNATIONAL STANDARD BOOK NUMBER
International Standard Book Number 148060982X (Paw Prints)
035 ## - SYSTEM CONTROL NUMBER
System control number (OCoLC)ocn828485804
040 ## - CATALOGING SOURCE
Original cataloging agency BTCTA
Language of cataloging eng
Transcribing agency BTCTA
Description conventions rda
Modifying agency YDXCP
-- BDX
-- WIM
-- FOLLT
-- WIM
-- FOLLT
-- JP3
-- IEP
-- UPZ
-- IFK
-- AUMCS
-- OCLCQ
-- DLC
-- FISKH
042 ## - AUTHENTICATION CODE
Authentication code lccopycat
050 00 - LIBRARY OF CONGRESS CALL NUMBER
Classification number PZ7.S86037
Item number Dt 2013
082 04 - DEWEY DECIMAL CLASSIFICATION NUMBER
Classification number 813.6
Edition number 23
100 1# - MAIN ENTRY--PERSONAL NAME
Personal name Stine, R. L.,
Relator term author.
245 10 - TITLE STATEMENT
Title Dr. Maniac will see you now /
Statement of responsibility, etc. R.L. Stine.
246 3# - VARYING FORM OF TITLE
Title proper/short title Doctor Maniac will see you now
264 #1 - PRODUCTION, PUBLICATION, DISTRIBUTION, MANUFACTURE, AND COPYRIGHT NOTICE
Place of production, publication, distribution, manufacture New York :
Name of producer, publisher, distributor, manufacturer Scholastic Inc.
Date of production, publication, distribution, manufacture, or copyright notice 2013.
300 ## - PHYSICAL DESCRIPTION
Extent 136 pages ;
Dimensions 20 cm.
336 ## - CONTENT TYPE
Content type term text
Content type code txt
Source rdacontent
337 ## - MEDIA TYPE
Media type term unmediated
Media type code n
Source rdamedia
338 ## - CARRIER TYPE
Carrier type term volume
Carrier type code nc
Source rdacarrier
490 1# - SERIES STATEMENT
Series statement Goosebumps most wanted ;
Volume/sequential designation 5
500 ## - GENERAL NOTE
General note The most wanted list continues with a special edition inside.
505 ## - FORMATTED CONTENTS NOTE
Formatted contents note F
520 ## - SUMMARY, ETC.
Summary, etc. The infamous, Most Wanted Goosebumps characters are out on the loose and they're coming after you! Catch them all, undead or alive! The Most Wanted list continues with Dr. Maniac, the strangest doctor of them all. When a group of comic book characters appear in the real world, twelve-year-old Richard Dreezer, must track down Dr. Maniac to save the day. Straight from the comic book of your worst nightmares, this evil genius will make sure you leave sicker than when you arrived.
521 2# - TARGET AUDIENCE NOTE
Target audience note Appeals to 4th-6th graders.
521 0# - TARGET AUDIENCE NOTE
Target audience note 410 <br/>
Source Lexile
521 0# - TARGET AUDIENCE NOTE
Target audience note F <br/>
Source Raz-Plus
650 #0 - SUBJECT ADDED ENTRY--TOPICAL TERM
Topical term or geographic name entry element Comic strip characters
Form subdivision Juvenile fiction.
655 #0 - INDEX TERM--GENRE/FORM
Genre/form data or focus term Horror tales.
655 #7 - INDEX TERM--GENRE/FORM
Genre/form data or focus term Horror fiction.
Source of term gsafd
800 1# - SERIES ADDED ENTRY--PERSONAL NAME
Personal name Stine, R. L.
Title of a work Goosebumps most wanted ;
Volume/sequential designation 5.
906 ## - LOCAL DATA ELEMENT F, LDF (RLIN)
a 7
b cbc
c copycat
d 2
e ncip
f 20
g y-gencatlg
942 ## - ADDED ENTRY ELEMENTS (KOHA)
Source of classification or shelving scheme Dewey Decimal Classification
Koha item type Books
Suppress in OPAC No
Holdings
Withdrawn status Lost status Source of classification or shelving scheme Damaged status Not for loan Collection Home library Current library Shelving location Date acquired Total Checkouts Full call number Barcode Date last seen Date last checked out Copy number Price effective from Koha item type
    Dewey Decimal Classification     Juvenile Fiction Footprints International School Library Network Toul Kork Campus Footprints International School Library Network Toul Kork Campus TK Primary Library Room(4th Floor), Bookcase 1&2, Shelves 1-16, Dark Blue Books 05/18/2023 1 STI 813.6 PZ7.S86037 FISTK05467 09/17/2025 09/10/2025 1 05/18/2023 Books